三字经 (Record no. 66785)

000 -LEADER
fixed length control field 00530nam a22001937a 4500
003 - CONTROL NUMBER IDENTIFIER
control field MPLRDC
005 - DATE AND TIME OF LATEST TRANSACTION
control field 20220104200623.0
008 - FIXED-LENGTH DATA ELEMENTS--GENERAL INFORMATION
fixed length control field 210129b ||||| |||| 00| 0 eng d
020 ## - INTERNATIONAL STANDARD BOOK NUMBER
International Standard Book Number 981-4179-02-7
082 ## - DEWEY DECIMAL CLASSIFICATION NUMBER
Classification number 859.3 WCS-2
100 ## - MAIN ENTRY--PERSONAL NAME
Personal name 王春生 编注
245 ## - TITLE STATEMENT
Title 三字经
Statement of responsibility, etc. 陈昭如 绘
250 ## - EDITION STATEMENT
Edition statement 初版
260 ## - PUBLICATION, DISTRIBUTION, ETC.
Place of publication, distribution, etc. 台湾
Name of publisher, distributor, etc. 台湾企鹅图书有限公司, 大众书局(马)
Date of publication, distribution, etc. 2004
300 ## - PHYSICAL DESCRIPTION
Other physical details
490 ## - SERIES STATEMENT
Series statement 彩色儿童文学琼林
650 ## - SUBJECT ADDED ENTRY--TOPICAL TERM
Topical term or geographic name entry element 儿童文学总集;启蒙
942 ## - ADDED ENTRY ELEMENTS (KOHA)
Koha item type Book
-- 859.3 WCS-2
Holdings
Withdrawn status Lost status Source of classification or shelving scheme Damaged status Not for loan Collection code Home library Current library Shelving location Date acquired Cost, normal purchase price Total Checkouts Full call number Barcode Date last seen Date last checked out Price effective from Koha item type Public note
            Malaysian Public Library, Research and Development Centre Malaysian Public Library, Research and Development Centre   28/10/2016 16.00   859.3 WCS-2 00060402 18/03/2021 28/10/2016 18/03/2021 Book mplrdc

© 2022. Malaysian Public Library, Research and Development Centre. All Right ReservedE-mailmplrdc@help.edu.my 

Powered by Koha